| 000 | 00510nam a2200133Ia 4500 | ||
|---|---|---|---|
| 008 | 171212s9999 xx 000 0 und d | ||
| 020 | _a9781921862267 | ||
| 100 | _aBroinoswki, Alison | ||
| 245 |
_cBroinoswki, Alison _aDouble Vision _bAsian Accounts of Australia |
||
| 260 |
_bANU E Press _c2011 |
||
| 650 | _aAustralia -- Foreign public opinion, Asian; Asia -- Foreign relations -- Australia; Australia -- Foreign relations -- Asia | ||
| 650 | _aSociology | ||
| 856 | _uwww.jstor.org/stable/10.2307/j.ctt24hdrb | ||
| 999 |
_c351089 _d351089 |
||